00000000nam##2200000za#4500
0019.622403
003CaOODSP
00520200327172154
007ta
008150406|1994||||xxc|||||     f|0| 0 fre|d
020 |a0-662-98745-4
040 |aCaOODSP|bfre
043 |an-cn---
0861 |aCi95-52/2-1993F
1101 |aCanada.|bPatrimoine canadien. |bMulticulturalisme.
24513|aLe film, la vidéo et la photographie au Canada|cpar Atom Egoyan et al.
260 |aOttawa - Ontario : |bPatrimoine canadien. |c1994.
300 |av, 45p. : |bréférences ; |c28 cm.
4901 |aInfo-Arts
563 |aCouverture souple
590 |a94-15|b1994-04-15
69107|aArts|2gcpds
69107|aArtisanat|2gcpds
69107|aArts populaires|2gcpds
7201 |aEgoyan, Atom
7760#|tLe film, la vidéo et la photographie au Canada|w(CaOODSP)9.607308
830#0|aInfo-Arts.|w(CaOODSP)9.512906